000
00308nam a2200133Ia 4500
008
210210b1970 xxu||||| |||| 00| 0 eng d
082
_a
530 ALOP
100
_a
ALONSO (Marcelo).
245
_a
Physics.
260
_a
London
_b
Addison-Wesley
_c
1970
300
_a
viii,760
690
_a
Physics
906
_a
039612
999
_c
89729
_d
89729